| 000 | 00427cam a2200181ua 4500 | ||
|---|---|---|---|
| 001 | 1917 | ||
| 008 | 110811n ii |||gr||||Z||||||eng | ||
| 040 | _cMAIN | ||
| 082 | _a370 | ||
| 100 | _aGoswami, H., | ||
| 245 | 1 |
_aIntroduction to education _cby H. Goswami |
|
| 250 | _a2nd. | ||
| 260 |
_aCalcutta: _bBook Land,965. |
||
| 300 |
_a120p: _c23cm. |
||
| 653 | _aEducation | ||
| 653 | _aIntroduction to education | ||
| 942 | _cBK | ||
| 999 |
_c1792 _d1792 |
||